00814nam a2200181 i 450000100060000000300090000600500170001500700030003200800410003510000430007624503100011926000620042930000250049170000310051671000360054785200240058385200250060753665ES-MaACL20250929063119.0t|031107s1886 sp ||||1| spa d0 aParada y Santín, José, d1857-192310aDiscursos leídos en la sesión inaugural del año académico de 1886-1887 en la Sociedad Española de Higiene, celebrada el día 27 de noviembre de 1886 / cpor José Parada y Santín [Actividades de la Sociedad] y Angel Fernández Caro [Deberes de la Sociedad ante los intereses de la higiene]. aMadrid : b[s.n.], c1886 (fImprenta de Enrique Teodoro) a23, 43 p. ; c23 cm.1 aFernández Caro, Ángel.2 aSociedad Española de Higiene. aES-MaACLjT-686-F-9 aES-MaACLjT-468-F-14